Größte Städte Thailands - Statistiken

Allgemein
  • Dieses Quiz wurde 30 mal gespielt
  • Das Durchschnittsergebnis liegt bei 4 aus 13
Antwortstatistiken
Antwort % Korrekt
Bangkok
96%
Chiang Mai
69%
Pattaya
54%
Phuket
46%
Chiang Rai
42%
Ayutthaya
23%
Krabi
23%
Surat Thani
19%
Koh Samui
15%
Hat Yai
8%
Hua Hin
8%
Pai
8%
Kanchanaburi
4%
Keine übereinstimmenden Quizze gefunden
Verteilung der Resultate
Anzahl Personen mit jedem Resultat
Perzentil nach korrekt beantworteten Fragen
Ihre Resultats-Entwicklung
Sie haben dieses Quiz noch nicht gespielt